| 000 | 00693nam a22002417a 4500 | ||
|---|---|---|---|
| 001 | BINCO | ||
| 003 | CO-MdBIC | ||
| 005 | 20220408173801.0 | ||
| 008 | 220408b1999 spaa|||| |||| 00| 0 spa d | ||
| 020 | _a9802572314 | ||
| 040 |
_a CO-MdBIC _bspa. _cCO-MdBIC _d CO-MdBIC |
||
| 041 | _aspa | ||
| 082 |
_222 _a823.914 _bW787 |
||
| 100 | _aWinter, Susan | ||
| 245 |
_aYo también _c/Winter, Susan, escritora |
||
| 260 | 1 |
_aCaracas, Venezuela _bEdiciones Ekaré _c[1999] |
|
| 260 | 1 | _a©1999 | |
| 300 |
_a21 paginas; _bilustraciones a color: _c20 cm. |
||
| 490 | _ael jardín de los niños | ||
| 650 | 7 |
_9100 _aEducación infantil |
|
| 700 |
_aIribarren, Elena _etraductora |
||
| 942 | _cLGB | ||
| 999 |
_c67710 _d67710 |
||